<?xml version="1.0" encoding="UTF-8"?>
<record
    xmlns:xsi="http://www.w3.org/2001/XMLSchema-instance"
    xsi:schemaLocation="http://www.loc.gov/MARC21/slim http://www.loc.gov/standards/marcxml/schema/MARC21slim.xsd"
    xmlns="http://www.loc.gov/MARC21/slim">

  <leader>00643nam a22001577a 4500</leader>
  <controlfield tag="003">OSt</controlfield>
  <controlfield tag="005">20150923092902.0</controlfield>
  <controlfield tag="008">150923b        xxu||||| |||| 00| 0 eng d</controlfield>
  <datafield tag="040" ind1=" " ind2=" ">
    <subfield code="c">RUA</subfield>
  </datafield>
  <datafield tag="082" ind1=" " ind2=" ">
    <subfield code="a">AGR MOK 2012 B045 Or.5</subfield>
  </datafield>
  <datafield tag="100" ind1=" " ind2=" ">
    <subfield code="9">1147</subfield>
    <subfield code="a">MOK, KUNGKEA.</subfield>
  </datafield>
  <datafield tag="245" ind1=" " ind2=" ">
    <subfield code="a">enhancement of crawfish (palaemonetes kadiakensis) aproduction in semi-intensive rearing (&#x1780;&#x17B6;&#x179A;&#x1794;&#x1784;&#x17D2;&#x1780;&#x17BE;&#x178F;&#x1794;&#x179A;&#x17B7;&#x1798;&#x17B6;&#x178E;&#x1780;&#x17C6;&#x1796;&#x17B9;&#x179F;&#x179F;&#x17D2;&#x179A;&#x17C2;&#x178F;&#x17B6;&#x1798;&#x1794;&#x17C2;&#x1794;&#x1796;&#x17B6;&#x1780;&#x17CB;&#x1780;&#x178E;&#x17D2;&#x178F;&#x17B6;&#x179B;&#x1794;&#x17D2;&#x179A;&#x1796;&#x179B;&#x179C;&#x1794;&#x17D2;&#x1794;&#x1780;&#x1798;&#x17D2;&#x1798;&#x1780;&#x17D2;&#x1793;&#x17BB;&#x1784;&#x179F;&#x17D2;&#x179A;&#x17BB;&#x17C7;)</subfield>
  </datafield>
  <datafield tag="260" ind1=" " ind2=" ">
    <subfield code="a">Phnom Penh</subfield>
    <subfield code="b">RUA</subfield>
    <subfield code="c">1012</subfield>
  </datafield>
  <datafield tag="300" ind1=" " ind2=" ">
    <subfield code="a">x, 33p.</subfield>
    <subfield code="b">ill.</subfield>
    <subfield code="c">29cm.</subfield>
  </datafield>
  <datafield tag="942" ind1=" " ind2=" ">
    <subfield code="2">ddc</subfield>
    <subfield code="c">AGR</subfield>
  </datafield>
  <datafield tag="999" ind1=" " ind2=" ">
    <subfield code="c">1098</subfield>
    <subfield code="d">1098</subfield>
  </datafield>
  <datafield tag="952" ind1=" " ind2=" ">
    <subfield code="0">0</subfield>
    <subfield code="1">0</subfield>
    <subfield code="2">ddc</subfield>
    <subfield code="4">0</subfield>
    <subfield code="6">AGR_MOK_2012_000000000000000_B045_OR_5</subfield>
    <subfield code="7">0</subfield>
    <subfield code="9">4486</subfield>
    <subfield code="a">LBB</subfield>
    <subfield code="b">LBB</subfield>
    <subfield code="c">B045</subfield>
    <subfield code="d">2015-09-23</subfield>
    <subfield code="l">1</subfield>
    <subfield code="o">AGR MOK 2012 B045 Or.5</subfield>
    <subfield code="p">RUA006767</subfield>
    <subfield code="r">2021-02-23</subfield>
    <subfield code="s">2021-02-17</subfield>
    <subfield code="w">2015-09-23</subfield>
    <subfield code="y">AGR</subfield>
  </datafield>
</record>
